[Event "65 Otwarte Mistrzostwa Woj. Kujawsko-Pomorskiego - Grupa A (Fide od 1700)"]
[Site "Szubin, ul. Kcynska 13 (Szubinski Dom Kultury)"]
[Date "2012-08-15"]
[Round "6.3"]
[White "Zolnierowicz, Krzysztof"]
[Black "Zebracki, Jaroslaw"]
[Result "1-0"]
[WhiteTitle "IM"]
[BlackTitle "II"]
[WhiteElo "2198"]
[BlackElo "1838"]

1. d4 Nf6 2. Nc3 d5 3. Qd3 e6 4. Bg5 Be7 5. Nf3 Ne4 6. Bxe7 Qxe7 7. a3 Nxc3 8.
Qxc3 O-O 9. e3 c6 10. Bd3 Nd7 11. O-O c5 12. e4 c4 13. Be2 Nf6 14. e5 Ne4 15.
Qe3 Bd7 16. Bxc4 f5 17. exf6 Rxf6 18. Ne5 Bc6 19. Bd3 Nd6 20. Rae1 Re8 21. b3
Rh6 22. g3 Rf6 23. f3 Qc7 24. a4 Qb6 25. Kg2 Re7 26. Qd2 Kh8 27. Qc3 Be8 28. Qc5
Qxc5 29. dxc5 Nf5 30. Bxf5 Rxf5 31. Rf2 Rc7 32. Nd3 Bd7 33. Rfe2 g5 34. Re5 Rxe5
35. Rxe5 h6 36. a5 Kg7 37. b4 Kf6 38. Re1 Bb5 39. Nf2 h5 40. Nh3 b6 41. axb6 axb6
42. f4 g4 43. Ng5 Bd7 44. Re3 bxc5 45. Rc3 c4 46. Ra3 d4 47. Kf2 Kf5 48. Ra5+
Kg6 49. Ne4 Rb7 50. Rg5+ Kh6 51. Nc5 Rxb4 52. Nxd7 Rb2 53. Nf8 Rxc2+ 54. Kg1 h4
55. h3 Rc1+ 56. Kf2 1-0

[Event "65 Otwarte Mistrzostwa Woj. Kujawsko-Pomorskiego - Grupa A (Fide od 1700)"]
[Site "Szubin, ul. Kcynska 13 (Szubinski Dom Kultury)"]
[Date "2012-08-15"]
[Round "6.4"]
[White "Bokiej, Przemyslaw"]
[Black "Zielinski, Olgierd"]
[Result "1-0"]
[WhiteTitle "I++"]
[BlackTitle "I"]
[WhiteElo "2193"]
[BlackElo "1851"]

1. e4 c5 2. Nf3 d6 3. Bb5+ Bd7 4. c4 a6 5. Bxd7+ Qxd7 6. d4 cxd4 7. Nxd4 g6 8.
Nc3 Bg7 9. O-O Nc6 10. Nde2 Nf6 11. Bg5 Rb8 12. Qd2 O-O 13. Rad1 Rfd8 14. f4 b5
15. cxb5 axb5 16. Kh1 b4 17. Bxf6 Bxf6 18. Nd5 Bg7 19. f5 e6 20. fxe6 fxe6 21.
Nf6+ Bxf6 22. Rxf6 Kg7 23. Rf3 Ne5 24. Rb3 Ng4 25. Nf4 Rf8 26. h3 e5 27. Nd3 Nf6
28. Nxe5 Qe6 29. Qxd6 Qxd6 30. Rxd6 Nxe4 31. Rd4 Rf1+ 32. Kh2 Nf2 33. Rbxb4 Re8
34. Rb7+ 1-0

[Event "65 Otwarte Mistrzostwa Woj. Kujawsko-Pomorskiego - Grupa A (Fide od 1700)"]
[Site "Szubin, ul. Kcynska 13 (Szubinski Dom Kultury)"]
[Date "2012-08-15"]
[Round "6.5"]
[White "Zebracki, Tomasz"]
[Black "Konieczynski, Piotr"]
[Result "0-1"]
[WhiteTitle "I"]
[BlackTitle "I"]
[WhiteElo "1942"]
[BlackElo "1925"]

1. d4 d5 2. Nc3 Bf5 3. Nf3 e6 4. Bf4 Nf6 5. Nh4 Bg6 6. Nxg6 hxg6 7. Qd3 c6 8. e4
Bb4 9. f3 Nh5 10. Be5 Nd7 11. exd5 Nxe5 12. dxe5 Nf4 13. Qd2 Nxd5 14. a3 Qa5 15.
Rd1 Bxc3 16. bxc3 Qxa3 17. c4 Qe3+ 18. Be2 Qxd2+ 19. Kxd2 Nf4 20. g3 O-O-O 21.
Ke3 Nxe2 22. Kxe2 Rxd1 23. Kxd1 Kc7 24. Kd2 0-1

[Event "65 Otwarte Mistrzostwa Woj. Kujawsko-Pomorskiego - Grupa A (Fide od 1700)"]
[Site "Szubin, ul. Kcynska 13 (Szubinski Dom Kultury)"]
[Date "2012-08-15"]
[Round "6.6"]
[White "Szczepaniec, Stanislaw"]
[Black "Olszewski, Marek"]
[Result "0-1"]
[WhiteTitle "k"]
[BlackTitle "k+"]
[WhiteElo "2052"]
[BlackElo "2084"]

1. c4 e5 2. Nc3 Nf6 3. Nf3 Nc6 4. g3 Bc5 5. Bg2 a6 6. Nxe5 Bxf2+ 7. Kxf2 Nxe5 8.
d3 c6 9. h3 Qb6+ 10. e3 d6 11. Qe2 h5 12. d4 Ng6 13. Ne4 Nxe4+ 14. Bxe4 Be6 15.
b3 d5 16. c5 Qc7 17. Bd3 f5 18. h4 Ne7 19. Kg2 Ng8 20. Rf1 g6 21. b4 Nf6 22. Bb2
O-O 23. a4 Bd7 24. Rf4 Rae8 25. Ra3 Re7 26. b5 axb5 27. axb5 cxb5 28. Rb3 Ra8
29. Bxb5 Bc6 30. Bd3 Ng4 31. Bb1 Rae8 32. Bc1 Qa5 33. Bxf5 gxf5 34. Rxf5 Rf8 35.
Rxf8+ Kxf8 36. Ra3 Qb5 37. Qxb5 Bxb5 38. Rb3 Bc4 39. Rc3 0-1

[Event "65 Otwarte Mistrzostwa Woj. Kujawsko-Pomorskiego - Grupa A (Fide od 1700)"]
[Site "Szubin, ul. Kcynska 13 (Szubinski Dom Kultury)"]
[Date "2012-08-15"]
[Round "6.7"]
[White "Karpus, Michal"]
[Black "Maksimenko, Andrei Jr"]
[Result "1/2-1/2"]
[WhiteTitle "II"]
[BlackTitle "I"]
[WhiteElo "1698"]
[BlackElo "1890"]

1. e4 c5 2. c3 Nf6 3. e5 Nd5 4. g3 d6 5. exd6 Nc6 6. Bg2 Qxd6 7. Ne2 e5 8. O-O
Be6 9. Na3 Be7 10. d4 exd4 11. cxd4 O-O 12. Nb5 Qd7 13. dxc5 Bxc5 14. a3 a6 15.
Nbd4 Rfd8 16. b4 Bxd4 17. Nxd4 Nc3 18. Bxc6 bxc6 19. Qc2 Bh3 20. Qxc3 Qxd4 21.
Qxd4 Rxd4 22. Be3 Rd3 23. Rfd1 Rad8 24. Rxd3 Rxd3 25. Re1 h6 1/2-1/2

[Event "65 Otwarte Mistrzostwa Woj. Kujawsko-Pomorskiego - Grupa A (Fide od 1700)"]
[Site "Szubin, ul. Kcynska 13 (Szubinski Dom Kultury)"]
[Date "2012-08-15"]
[Round "6.9"]
[White "Kroczka, Gromoslaw"]
[Black "Szybowicz, Piotr"]
[Result "1-0"]
[WhiteTitle "II"]
[BlackTitle "I"]
[WhiteElo "1571"]
[BlackElo "1925"]

1. e4 e6 2. d4 d5 3. exd5 exd5 4. Bd3 c5 5. dxc5 Bxc5 6. Nf3 Bg4 7. O-O Nc6 8.
Re1+ Nge7 9. Nbd2 Qc7 10. Nb3 Bb6 11. h3 Bxh3 12. gxh3 Qg3+ 13. Kh1 Qxh3+ 14.
Kg1 Qg3+ 15. Kh1 Bxf2 16. Rf1 O-O-O 17. Qe2 Bb6 18. Qg2 Qxg2+ 19. Kxg2 f6 20.
Bd2 g5 21. Bc3 d4 22. Bd2 h5 23. Rf2 Rhf8 24. Rh1 h4 25. Kh3 a5 26. Rhf1 a4 27.
Nc1 g4+ 28. Kxg4 Rg8+ 29. Kh3 Rg3+ 30. Kh2 Bc7 31. Kh1 Rh3+ 32. Kg2 Rg3+ 33. Kh1
Rh3+ 34. Nh2 Ne5 35. Bf4 Ng4 36. Re2 Ne3 37. Bxc7 Kxc7 38. Rxf6 N7d5 39. Rf3 Rg3
40. Ref2 Rdg8 41. Ne2 Nd1 42. Rf1 N5e3 43. Nxg3 hxg3 44. Rf7+ Kb6 45. R1f6+ Ka5
46. Rxb7 Nf2+ 47. Rxf2 gxf2 48. Rb5+ Ka6 49. Rb8+ 1-0

[Event "65 Otwarte Mistrzostwa Woj. Kujawsko-Pomorskiego - Grupa A (Fide od 1700)"]
[Site "Szubin, ul. Kcynska 13 (Szubinski Dom Kultury)"]
[Date "2012-08-15"]
[Round "7.1"]
[White "Zolnierowicz, Krzysztof"]
[Black "Khamitskiy, Sergei"]
[Result "0-1"]
[WhiteTitle "IM"]
[BlackTitle "IM"]
[WhiteElo "2198"]
[BlackElo "2273"]

1. e4 e6 2. d4 d5 3. exd5 exd5 4. c4 Nf6 5. Nc3 Bb4 6. cxd5 Nxd5 7. Bd2 O-O 8.
Be2 c5 9. dxc5 Nxc3 10. Bxc3 Bxc3+ 11. bxc3 Qa5 12. Qc2 Re8 13. Nf3 Qxc5 14. O-O
Bf5 15. Qb2 Be4 16. Rfe1 Nd7 17. Rad1 Nb6 18. Qb4 Qxb4 19. cxb4 Nd5 20. Bb5 Bxf3
21. Rxe8+ Rxe8 22. gxf3 Nc3 23. Bxe8 Nxd1 24. Ba4 Nc3 25. Bb3 Ne2+ 26. Kf1 Nd4
27. Bd5 b6 28. Ke1 Nc2+ 29. Kd2 Nxb4 30. Bb3 Kf8 31. Kc3 Na6 32. Kc4 Ke7 33. f4
h6 0-1

[Event "65 Otwarte Mistrzostwa Woj. Kujawsko-Pomorskiego - Grupa A (Fide od 1700)"]
[Site "Szubin, ul. Kcynska 13 (Szubinski Dom Kultury)"]
[Date "2012-08-15"]
[Round "7.2"]
[White "Jaroch, Pawel"]
[Black "Sliwicki, Damian"]
[Result "1/2-1/2"]
[WhiteTitle "k"]
[BlackTitle "I"]
[WhiteElo "2233"]
[BlackElo "1994"]

1. d4 d5 2. c4 e6 3. Nc3 c6 4. cxd5 exd5 5. Bf4 Bf5 6. e3 Nf6 7. Bd3 Bxd3 8. Qxd3
Nh5 9. Be5 Nd7 10. Nf3 Nxe5 11. dxe5 Qd7 12. h3 g6 13. O-O-O O-O-O 14. g4 Ng7
15. e4 d4 16. Qxd4 Qxd4 17. Nxd4 Bc5 18. Nce2 g5 19. h4 h6 20. f3 Bb6 21. Nf5
Nxf5 22. exf5 Rde8 23. Nc3 Rxe5 24. Ne4 Rd8 25. hxg5 hxg5 26. Kc2 Bd4 27. Rd2
f6 28. Re1 Red5 29. b3 Kc7 30. a3 a5 31. b4 axb4 32. axb4 Be5 1/2-1/2

[Event "65 Otwarte Mistrzostwa Woj. Kujawsko-Pomorskiego - Grupa A (Fide od 1700)"]
[Site "Szubin, ul. Kcynska 13 (Szubinski Dom Kultury)"]
[Date "2012-08-15"]
[Round "7.3"]
[White "Bokiej, Przemyslaw"]
[Black "Rak, Tomasz"]
[Result "1-0"]
[WhiteTitle "I++"]
[BlackTitle "k"]
[WhiteElo "2193"]
[BlackElo "2066"]

1. e4 c5 2. Nf3 Nc6 3. Bb5 Nd4 4. Nxd4 cxd4 5. O-O Nf6 6. d3 g6 7. Qe1 Bg7 8. f4
O-O 9. e5 Ng4 10. h3 Nh6 11. Nd2 Nf5 12. Nf3 Qb6 13. Ba4 d6 14. Bb3 dxe5 15. fxe5
h6 16. Rf2 Bd7 17. Re2 Bc6 18. Nh2 a5 19. a4 Qa7 20. Nf1 e6 21. g4 Ne7 22. Bxh6
Bxh6 23. Qh4 Be3+ 24. Nxe3 dxe3 25. Qxe7 Bf3 26. Rae1 Bxe2 27. Rxe2 Qd4 28. Qg5
Rfe8 29. h4 Qd8 30. Qh6 Qd4 31. Qg5 Qd8 32. Qxd8 Rexd8 33. Kg2 Rd4 34. Kf3 Rb4
35. Kxe3 b5 36. axb5 a4 37. Bc4 Rxb2 38. Kd2 a3 39. Re1 a2 40. Ra1 Rb1 41. Rxa2
Rxa2 42. Bxa2 Rxb5 1-0

[Event "65 Otwarte Mistrzostwa Woj. Kujawsko-Pomorskiego - Grupa A (Fide od 1700)"]
[Site "Szubin, ul. Kcynska 13 (Szubinski Dom Kultury)"]
[Date "2012-08-15"]
[Round "7.4"]
[White "Konieczynski, Piotr"]
[Black "Zielinski, Olgierd"]
[Result "0-1"]
[WhiteTitle "I"]
[BlackTitle "I"]
[WhiteElo "1925"]
[BlackElo "1851"]

1. d4 c5 2. d5 e5 3. e4 d6 4. Nc3 Be7 5. Nf3 Bg4 6. h3 Bxf3 7. Qxf3 a6 8. a4 Bg5
9. Bxg5 Qxg5 10. h4 Qf6 11. Be2 Qxf3 12. Bxf3 Nh6 13. g4 Nd7 14. g5 Ng8 15. Kd2
h5 16. Ne2 Ne7 17. Ng3 g6 18. a5 Nc8 19. Be2 Ke7 20. c3 Na7 21. Nf1 Rhc8 22. Ne3
Nb5 23. Nc4 Rf8 24. Ke3 Na7 25. Rhf1 f6 26. Rg1 f5 27. exf5 Rxf5 28. Bd3 Rf4 29.
Rh1 Rg8 30. Nd2 Nc8 31. Rh2 Kd8 32. Ne4 Kc7 33. Rhh1 Ne7 34. Bc4 Nf5+ 35. Kd3
Rf8 36. b4 Nxh4 37. b5 axb5 38. Bxb5 c4+ 39. Bxc4 Rxe4 40. Kxe4 Rf4+ 41. Ke3 Ng2+
42. Kd2 Rxc4 43. a6 bxa6 44. Rxa6 Nf4 45. Ra7+ Kd8 46. Rb1 Nxd5 0-1

[Event "65 Otwarte Mistrzostwa Woj. Kujawsko-Pomorskiego - Grupa A (Fide od 1700)"]
[Site "Szubin, ul. Kcynska 13 (Szubinski Dom Kultury)"]
[Date "2012-08-15"]
[Round "7.5"]
[White "Olszewski, Marek"]
[Black "Zebracki, Tomasz"]
[Result "0-1"]
[WhiteTitle "k+"]
[BlackTitle "I"]
[WhiteElo "2084"]
[BlackElo "1942"]

1. e4 e6 2. d4 d5 3. exd5 exd5 4. Bd3 Bd6 5. Qf3 Nf6 6. Bf4 O-O 7. Bxd6 Qxd6 8.
c3 c5 9. dxc5 Qxc5 10. Ne2 Re8 11. O-O Bg4 12. Qg3 Bxe2 13. Bxe2 Rxe2 0-1

[Event "65 Otwarte Mistrzostwa Woj. Kujawsko-Pomorskiego - Grupa A (Fide od 1700)"]
[Site "Szubin, ul. Kcynska 13 (Szubinski Dom Kultury)"]
[Date "2012-08-15"]
[Round "7.6"]
[White "Zebracki, Jaroslaw"]
[Black "Mlodzinska, Irena"]
[Result "0-1"]
[WhiteTitle "II"]
[BlackTitle "I+"]
[WhiteElo "1838"]
[BlackElo "1916"]

1. d4 Nf6 2. Nc3 e6 3. Bg5 d5 4. e4 dxe4 5. Nxe4 Be7 6. Bxf6 gxf6 7. Nf3 c6 8.
c3 Qc7 9. Qd2 h5 10. Bc4 Nd7 11. O-O-O b6 12. Bb3 Bb7 13. Qe2 O-O-O 14. Kb1 Nf8
15. Rc1 Kb8 16. Rhd1 Ng6 17. g3 h4 18. c4 f5 19. Neg5 Bxg5 20. Nxg5 f4 21. d5
Qe7 22. gxf4 Qf6 23. dxe6 Nxf4 24. Qg4 fxe6 25. Ne4 Qe5 26. Bc2 c5 27. Rxd8+ Rxd8
28. Nc3 h3 29. Qg3 Rf8 30. Rd1 a6 31. a3 Bc6 32. Ka2 b5 33. Rd2 Qc7 34. Ne2 Nxe2
35. Rxe2 Qxg3 36. fxg3 Bd7 37. cxb5 Bxb5 38. Rd2 Kc7 39. a4 Bc6 40. Bb3 e5 41.
Be6 Rh8 42. Kb3 e4 43. Re2 Kd6 44. Bg4 Ke5 45. Kc4 Bxa4 46. Kxc5 Bd1 47. Rxe4+
Kxe4 48. Bxd1 Ke3 49. b3 Kf2 50. Kb6 Rh6+ 51. Ka5 Kg2 52. Be2 Kxh2 53. g4 Kg3
54. g5 Rg6 55. Bxa6 Rxa6+ 56. Kxa6 h2 0-1

[Event "65 Otwarte Mistrzostwa Woj. Kujawsko-Pomorskiego - Grupa A (Fide od 1700)"]
[Site "Szubin, ul. Kcynska 13 (Szubinski Dom Kultury)"]
[Date "2012-08-15"]
[Round "7.7"]
[White "Szczepaniec, Stanislaw"]
[Black "Karpus, Michal"]
[Result "1-0"]
[WhiteTitle "k"]
[BlackTitle "II"]
[WhiteElo "2052"]
[BlackElo "1698"]

1. c4 Nf6 2. Nc3 g6 3. e4 d6 4. d4 Bg7 5. Be2 O-O 6. Bg5 c5 7. d5 a6 8. Qd2 Qa5
9. Nf3 Bg4 10. O-O Bxf3 11. Bxf3 b5 12. cxb5 axb5 13. a3 Nbd7 14. g3 Qb6 15. b3
Rfe8 16. Qc2 e6 17. dxe6 Ne5 18. exf7+ Kxf7 19. Bg2 Ra7 20. Bxf6 Bxf6 21. Nd5
Qd8 22. Nxf6 Qxf6 23. f4 Ng4 24. e5 Qe7 25. Qe2 Nh6 26. Qxb5 dxe5 27. fxe5+ Kg7
28. Rfe1 Nf5 29. Qc4 Rd8 30. b4 cxb4 31. Qxb4 Qe6 32. a4 Rd4 33. Qb5 Rd2 34. a5
Nd4 35. Qb6 Qe7 36. Rad1 Rxd1 37. Rxd1 Ne6 38. a6 Qc5+ 39. Qxc5 Nxc5 40. Bf1 1-0

[Event "65 Otwarte Mistrzostwa Woj. Kujawsko-Pomorskiego - Grupa A (Fide od 1700)"]
[Site "Szubin, ul. Kcynska 13 (Szubinski Dom Kultury)"]
[Date "2012-08-15"]
[Round "7.8"]
[White "Maksimenko, Andrei Jr"]
[Black "Kroczka, Gromoslaw"]
[Result "1-0"]
[WhiteTitle "I"]
[BlackTitle "II"]
[WhiteElo "1890"]
[BlackElo "1571"]

1. e4 c5 2. Nf3 Nc6 3. Bb5 e6 4. O-O Nge7 5. c3 a6 6. Ba4 b5 7. Bc2 d5 8. d4 dxe4
9. Bxe4 cxd4 10. Nxd4 Bb7 11. a4 Nd5 12. axb5 Nxd4 13. Qxd4 axb5 14. Rxa8 Qxa8
15. Rd1 f6 16. Qd3 f5 17. Qxb5+ Kf7 18. Bf3 Bc6 19. Qe2 Bd6 20. c4 Nf4 21. Bxf4
Bxf4 22. Bxc6 Qxc6 23. Qd3 Kf6 24. Nd2 g5 25. Nf3 g4 26. Qc3+ e5 27. Ne1 Qe4 28.
Rd6+ Kg5 29. g3 Ra8 30. gxf4+ Qxf4 31. Qc2 Ra2 1-0

[Event "65 Otwarte Mistrzostwa Woj. Kujawsko-Pomorskiego - Grupa A (Fide od 1700)"]
[Site "Szubin, ul. Kcynska 13 (Szubinski Dom Kultury)"]
[Date "2012-08-15"]
[Round "7.9"]
[White "Lech, Piotr"]
[Black "Szybowicz, Piotr"]
[Result "1/2-1/2"]
[WhiteTitle "I"]
[BlackTitle "I"]
[WhiteElo "1886"]
[BlackElo "1925"]

1. d4 d5 2. c4 e6 3. Nc3 Nf6 4. Bg5 Be7 5. e3 O-O 6. Nf3 c6 7. Rc1 Nbd7 8. Bd3
dxc4 9. Bxc4 Nd5 10. Bxe7 Qxe7 11. O-O N7f6 1/2-1/2

[Event "65 Otwarte Mistrzostwa Woj. Kujawsko-Pomorskiego - Grupa A (Fide od 1700)"]
[Site "Szubin, ul. Kcynska 13 (Szubinski Dom Kultury)"]
[Date "2012-08-15"]
[Round "8.1"]
[White "Khamitskiy, Sergei"]
[Black "Zebracki, Tomasz"]
[Result "1-0"]
[WhiteTitle "IM"]
[BlackTitle "I"]
[WhiteElo "2273"]
[BlackElo "1942"]

1. d4 e6 2. c4 b6 3. Nf3 Bb7 4. g3 f5 5. Bg2 Bb4+ 6. Bd2 Bxd2+ 7. Qxd2 Nf6 8. O-O
O-O 9. Rd1 d6 10. Nc3 Qe7 11. d5 exd5 12. cxd5 Na6 13. Nd4 g6 14. Rac1 Rfe8 15.
a3 Nc5 16. b4 Nce4 17. Nxe4 fxe4 18. Nc6 Qf7 19. Qf4 Bxc6 20. Rxc6 Re5 21. f3
g5 22. Qc1 exf3 23. Bxf3 Nxd5 24. Rxd5 Rxd5 25. Rxc7 Qe6 26. Qc3 Re5 27. Bxa8
Qa2 28. Rc8+ Kf7 29. Qf3+ Kg7 30. Rc7+ Kg8 31. Rc8+ Kg7 32. Qf8+ Kg6 1-0

[Event "65 Otwarte Mistrzostwa Woj. Kujawsko-Pomorskiego - Grupa A (Fide od 1700)"]
[Site "Szubin, ul. Kcynska 13 (Szubinski Dom Kultury)"]
[Date "2012-08-15"]
[Round "8.2"]
[White "Zielinski, Olgierd"]
[Black "Jaroch, Pawel"]
[Result "1-0"]
[WhiteTitle "I"]
[BlackTitle "k"]
[WhiteElo "1851"]
[BlackElo "2233"]

1. e4 c5 2. Nf3 d6 3. d4 cxd4 4. Nxd4 Nf6 5. Nc3 Nc6 6. Bc4 e6 7. Be3 a6 8. a4
Qc7 9. Bb3 Be7 10. f3 O-O 11. O-O Bd7 12. Qd2 Na5 13. Ba2 Rfc8 14. Nde2 b5 15.
b4 Nc4 16. Bxc4 Qxc4 17. axb5 axb5 18. Rxa8 Rxa8 19. Rb1 Rc8 20. Rb2 Be8 21. Nd1
d5 22. e5 Nd7 23. Bd4 f6 24. f4 Bh5 25. c3 fxe5 26. fxe5 Rf8 27. Ng3 Bg6 28. Ne3
Qc7 29. Qe2 Bg5 30. Ra2 Nb6 31. Nef1 Nc4 32. Qg4 Bh6 33. Qxe6+ Bf7 34. Qa6 Nxe5
35. Qxb5 Ng4 36. h3 Nf6 37. Nf5 Bg5 38. Ra7 Qf4 39. N5g3 Ne4 40. Nh5 Qxf1+ 41.
Qxf1 g6 42. Nf4 Ng3 43. Qa1 Bxf4 44. Ra8 Be8 45. Qd1 Ne4 46. Qf3 Bd6 47. Qg4 Bf7
48. Rxf8+ Kxf8 49. Qc8+ Ke7 50. b5 Be6 51. Qb7+ Kd8 52. Qxh7 g5 53. b6 Kc8 54.
Qg6 Kd7 55. b7 Bb8 56. Qg7+ Kc6 57. Be5 Ba7+ 58. Kh2 Nd6 59. Qe7 1-0

[Event "65 Otwarte Mistrzostwa Woj. Kujawsko-Pomorskiego - Grupa A (Fide od 1700)"]
[Site "Szubin, ul. Kcynska 13 (Szubinski Dom Kultury)"]
[Date "2012-08-15"]
[Round "8.3"]
[White "Sliwicki, Damian"]
[Black "Bokiej, Przemyslaw"]
[Result "1-0"]
[WhiteTitle "I"]
[BlackTitle "I++"]
[WhiteElo "1994"]
[BlackElo "2193"]

1. e4 e6 2. d4 d5 3. exd5 exd5 4. Bd3 Nc6 5. Nf3 Bd6 6. O-O Nge7 7. h3 O-O 8. c4
dxc4 9. Bxc4 Bf5 10. Nc3 Qd7 11. Nb5 Rad8 12. Nxd6 Qxd6 13. Bg5 Rd7 14. Re1 Ng6
15. d5 Na5 16. Bb5 c6 17. dxc6 bxc6 18. Qxd6 Rxd6 19. Bf1 Nb7 20. Rac1 Be6 21.
b3 Bd5 22. Rc3 Rd7 23. Nh4 Nxh4 24. Bxh4 Nd6 25. f3 Ra8 26. Ba6 f6 27. Bf2 Kf7
28. Bc5 Re8 29. Rce3 Rxe3 30. Bxe3 g6 31. Kf2 Nf5 32. Re2 Nd6 33. Rd2 Ke6 34.
Rd1 Ke7 35. a4 Ke6 36. Rd3 Kf7 37. b4 Ke6 38. Kg1 Nf5 39. Bc8 1-0

[Event "65 Otwarte Mistrzostwa Woj. Kujawsko-Pomorskiego - Grupa A (Fide od 1700)"]
[Site "Szubin, ul. Kcynska 13 (Szubinski Dom Kultury)"]
[Date "2012-08-15"]
[Round "8.5"]
[White "Mlodzinska, Irena"]
[Black "Szczepaniec, Stanislaw"]
[Result "0-1"]
[WhiteTitle "I+"]
[BlackTitle "k"]
[WhiteElo "1916"]
[BlackElo "2052"]

1. e4 c5 2. Nf3 Nc6 3. c3 Nf6 4. Bd3 d5 5. e5 Ng4 6. Bb5 Bd7 7. Bxc6 Bxc6 8. d4
e6 9. O-O Qb6 10. a4 h5 11. Ng5 g6 12. Qf3 Qc7 13. h3 Nh6 14. Qf6 Rg8 15. Nxe6
fxe6 16. Bxh6 Bxh6 17. Qxe6+ Kf8 18. f4 Qe7 19. Qxe7+ Kxe7 20. dxc5 Rgf8 21. g3
h4 22. Kh2 hxg3+ 23. Kxg3 Rf5 24. b4 Raf8 25. b5 Bd7 26. Na3 Bxf4+ 27. Kg2 Rg5+
28. Kf2 Bxh3 29. Rh1 Bxe5+ 30. Ke2 Rg2+ 31. Ke3 0-1

[Event "65 Otwarte Mistrzostwa Woj. Kujawsko-Pomorskiego - Grupa A (Fide od 1700)"]
[Site "Szubin, ul. Kcynska 13 (Szubinski Dom Kultury)"]
[Date "2012-08-15"]
[Round "8.6"]
[White "Maksimenko, Andrei Jr"]
[Black "Konieczynski, Piotr"]
[Result "1/2-1/2"]
[WhiteTitle "I"]
[BlackTitle "I"]
[WhiteElo "1890"]
[BlackElo "1925"]

1. e4 e6 2. d4 d5 3. exd5 exd5 4. Bd3 Bd6 5. Ne2 c6 6. c3 Ne7 7. Bf4 Bxf4 8. Nxf4
Qd6 9. Qf3 Ng6 10. Nxg6 hxg6 11. h3 Nd7 12. Nd2 Nf6 13. O-O-O Be6 14. Rhe1 O-O-O
1/2-1/2

[Event "65 Otwarte Mistrzostwa Woj. Kujawsko-Pomorskiego - Grupa A (Fide od 1700)"]
[Site "Szubin, ul. Kcynska 13 (Szubinski Dom Kultury)"]
[Date "2012-08-15"]
[Round "8.7"]
[White "Olszewski, Marek"]
[Black "Haja, Jacek"]
[Result "1/2-1/2"]
[WhiteTitle "k+"]
[BlackTitle "II"]
[WhiteElo "2084"]
[BlackElo "1772"]

1. e4 e5 2. Nc3 Nc6 3. f4 exf4 4. d4 d6 5. Bxf4 Nf6 6. Nf3 Be7 7. Bc4 O-O 8. O-O
Bg4 9. Qd2 Nxe4 10. Nxe4 d5 11. Bd3 dxe4 12. Bxe4 Bxf3 13. Bxf3 Qxd4+ 14. Qxd4
Nxd4 15. Bxb7 Rab8 16. Be4 Ne2+ 17. Kh1 Nxf4 18. Rxf4 Rxb2 19. a4 Rfb8 20. Rff1
Bf6 21. Bd3 R2b4 22. Ra3 Rb1 23. g3 Rxf1+ 24. Bxf1 Rb1 25. Kg2 g6 1/2-1/2

[Event "65 Otwarte Mistrzostwa Woj. Kujawsko-Pomorskiego - Grupa A (Fide od 1700)"]
[Site "Szubin, ul. Kcynska 13 (Szubinski Dom Kultury)"]
[Date "2012-08-15"]
[Round "8.8"]
[White "Kroczka, Gromoslaw"]
[Black "Lech, Piotr"]
[Result "1-0"]
[WhiteTitle "II"]
[BlackTitle "I"]
[WhiteElo "1571"]
[BlackElo "1886"]

1. e4 e5 2. Nf3 Nf6 3. Nxe5 d6 4. Nf3 Nxe4 5. Nc3 Nxc3 6. dxc3 Be7 7. Bf4 O-O 8.
Qd2 Nd7 9. O-O-O Nc5 10. Be3 Ne4 11. Qd5 Nf6 12. Qd4 Ng4 13. Bf4 Bf6 14. Qd2 Be6
15. Kb1 Ne5 16. Be2 Qc8 17. h4 Bg4 18. h5 c5 19. h6 g6 20. Qxd6 Qf5 21. Bxe5 Bxe5
22. Qxe5 Qxe5 23. Nxe5 Bxe2 24. Rd2 Rfe8 25. Rxe2 f6 26. Rhe1 Rad8 27. Nd3 Rxe2
28. Rxe2 c4 29. Nc1 1-0

[Event "65 Otwarte Mistrzostwa Woj. Kujawsko-Pomorskiego - Grupa A (Fide od 1700)"]
[Site "Szubin, ul. Kcynska 13 (Szubinski Dom Kultury)"]
[Date "2012-08-15"]
[Round "8.9"]
[White "Szybowicz, Piotr"]
[Black "Karpus, Michal"]
[Result "0-1"]
[WhiteTitle "I"]
[BlackTitle "II"]
[WhiteElo "1925"]
[BlackElo "1698"]

1. f4 Nf6 2. Nf3 g6 3. Nc3 Bg7 4. e4 d6 5. d4 O-O 6. Bd3 c5 7. Be3 cxd4 8. Nxd4
Nc6 9. Nf3 a6 10. Qd2 b5 11. a3 Qa5 12. Rb1 Ng4 13. Bg1 Bb7 14. Nd5 Qxd2+ 15.
Kxd2 e6 16. Nb6 Rad8 17. c4 bxc4 18. Bxc4 Na5 19. Bd3 Nb3+ 20. Kc2 Nc5 21. Bxc5
dxc5 22. Nc4 Nf2 23. Na5 Ba8 24. Bxa6 Bxe4+ 25. Kb3 Nxh1 26. Rxh1 Ra8 27. Bb7
Bxb7 28. Nxb7 Rab8 29. Kc4 Rxb7 30. Kxc5 Bxb2 0-1

[Event "65 Otwarte Mistrzostwa Woj. Kujawsko-Pomorskiego - Grupa A (Fide od 1700)"]
[Site "Szubin, ul. Kcynska 13 (Szubinski Dom Kultury)"]
[Date "2012-08-15"]
[Round "9.1"]
[White "Zielinski, Olgierd"]
[Black "Khamitskiy, Sergei"]
[Result "0-1"]
[WhiteTitle "I"]
[BlackTitle "IM"]
[WhiteElo "1851"]
[BlackElo "2273"]

1. e4 e6 2. d4 d5 3. e5 c5 4. c3 Qb6 5. Nf3 Bd7 6. Be2 Bb5 7. c4 dxc4 8. d5 exd5
9. Qxd5 Ne7 10. Qe4 Qc6 11. Nc3 Qxe4 12. Nxe4 Ng6 13. Be3 Nc6 14. Bxc5 Ncxe5 15.
Nd6+ Bxd6 16. Bxd6 Nd3+ 17. Bxd3 cxd3 18. O-O Kd7 0-1

[Event "65 Otwarte Mistrzostwa Woj. Kujawsko-Pomorskiego - Grupa A (Fide od 1700)"]
[Site "Szubin, ul. Kcynska 13 (Szubinski Dom Kultury)"]
[Date "2012-08-15"]
[Round "9.2"]
[White "Jaroch, Pawel"]
[Black "Szczepaniec, Stanislaw"]
[Result "1-0"]
[WhiteTitle "k"]
[BlackTitle "k"]
[WhiteElo "2233"]
[BlackElo "2052"]

1. d4 f5 2. e4 fxe4 3. Nc3 Nf6 4. Bg5 c6 5. Bxf6 exf6 6. Nxe4 d5 7. Ng3 f5 8. Bd3
g6 9. Nf3 Bd6 10. Qe2+ Qe7 11. Qxe7+ Kxe7 12. O-O-O Na6 13. Rde1+ Kf6 14. c3 c5
15. Bc2 f4 16. Ne2 Bf5 17. Bxf5 Kxf5 18. dxc5 Nxc5 19. Rd1 Ne4 20. Rxd5+ Ke6 21.
Rd4 Nxf2 22. Re1 Rad8 23. Nxf4+ Kf6 24. Re6+ Kf5 25. Rexd6 Rxd6 26. Rxd6 Kxf4
27. Rf6+ Ke3 28. Re6+ Kf4 29. Re7 h5 30. Rxb7 Ke3 31. Re7+ Kf4 32. Rxa7 g5 33.
Rf7+ Ke3 34. Nxg5 h4 35. Re7+ Kd3 36. Nf3 Ne4 37. Ne1+ Ke3 38. Nc2+ Kf4 39. Rf7+
Ke5 40. Ne3 Rg8 41. Rf5+ Ke6 42. Rf4 1-0

[Event "65 Otwarte Mistrzostwa Woj. Kujawsko-Pomorskiego - Grupa A (Fide od 1700)"]
[Site "Szubin, ul. Kcynska 13 (Szubinski Dom Kultury)"]
[Date "2012-08-15"]
[Round "9.3"]
[White "Sliwicki, Damian"]
[Black "Rak, Tomasz"]
[Result "0-1"]
[WhiteTitle "I"]
[BlackTitle "k"]
[WhiteElo "1994"]
[BlackElo "2066"]

1. e4 c5 2. Nf3 Nc6 3. d4 cxd4 4. Nxd4 g6 5. c4 Bg7 6. Be3 Nf6 7. Nc3 O-O 8. Be2
d6 9. O-O Ne5 10. h3 Ned7 11. f4 Nc5 12. Bf3 Bd7 13. Qe2 Qb8 14. Rad1 Rd8 15.
Bf2 Na4 16. Nxa4 Bxa4 17. b3 Be8 18. Bg3 Nd7 19. Nc2 a5 20. Rfe1 a4 21. e5 axb3
22. axb3 dxe5 23. fxe5 Nc5 24. Qe3 Ne6 25. Nb4 Ra3 26. Nd5 Bf8 27. Qb6 Ra6 28.
Qb4 b5 29. Nxe7+ Kh8 30. Bh4 g5 31. Bf2 Rxd1 32. Rxd1 Ra7 33. Bxa7 Qxa7+ 34. Kh1
Bxe7 35. Qd2 bxc4 36. bxc4 Kg7 37. Be4 Nf4 38. Qc3 Qf2 39. Bf3 h5 40. Qc1 Nxh3
41. Qd2 g4 0-1

[Event "65 Otwarte Mistrzostwa Woj. Kujawsko-Pomorskiego - Grupa A (Fide od 1700)"]
[Site "Szubin, ul. Kcynska 13 (Szubinski Dom Kultury)"]
[Date "2012-08-15"]
[Round "9.4"]
[White "Bokiej, Przemyslaw"]
[Black "Zebracki, Jaroslaw"]
[Result "1-0"]
[WhiteTitle "I++"]
[BlackTitle "II"]
[WhiteElo "2193"]
[BlackElo "1838"]

1. e4 e6 2. d4 d5 3. Nc3 dxe4 4. Nxe4 Nf6 5. Nxf6+ gxf6 6. Nf3 Qd6 7. g3 Nc6 8.
Bg2 Bd7 9. O-O O-O-O 10. Be3 h5 11. Qd2 e5 12. d5 Ne7 13. c4 Qa6 14. Qc3 Kb8 15.
b4 Nf5 16. a4 Nxe3 17. fxe3 Qd6 18. Rab1 Bg4 19. Nh4 Be7 20. e4 Qd7 21. a5 c5
22. bxc5 Bxc5+ 23. Kh1 Qd6 24. Qb3 Bc8 25. Bh3 Qc7 26. Bxc8 Rxc8 27. Rxf6 Qd7
28. Qf3 Rc7 29. Rf1 Qa4 30. Qe2 Qxa5 31. Rxf7 Rxf7 32. Rxf7 Qa1+ 33. Rf1 Qd4 34.
Nf5 Qc3 35. Ng7 a5 36. Ne6 Bb6 37. Rb1 Ka7 38. Rxb6 Kxb6 39. Qf2+ 1-0